مكتبة جامعة عجلون الوطنية

فهرس بحث المكتبة

النطاق القانوني لعقد التامين الالزامي للمركبات( دراسة مقارنة) =( A comparative study) The legal scope of vehicles compulsory insurance contract / (Record no. 29973)

MARC details
000 -LEADER
fixed length control field 01190nam a2200241Ii 4500
003 - CONTROL NUMBER IDENTIFIER
control field JO-AjNU
005 - DATE AND TIME OF LATEST TRANSACTION
control field 20240629113307.0
008 - FIXED-LENGTH DATA ELEMENTS--GENERAL INFORMATION
fixed length control field 230605s9999||||xx |||||||||||||| ||und||
040 ## - CATALOGING SOURCE
Original cataloging agency JO-AjNU
Language of cataloging ara
Description conventions rda
Transcribing agency JO-AjNU
041 ## - LANGUAGE CODE
Language code of text/sound track or separate title ara
050 14 - LIBRARY OF CONGRESS CALL NUMBER
Classification number K1241 2019
100 #1 - MAIN ENTRY--PERSONAL NAME
Personal name العمايرة، وصفي احمد رشيد
Relator term معد
9 (RLIN) 65789
245 #0 - TITLE STATEMENT
Title النطاق القانوني لعقد التامين الالزامي للمركبات( دراسة مقارنة) =( A comparative study) The legal scope of vehicles compulsory insurance contract /
Statement of responsibility, etc. اعداد وصفي احمد رشيد العمايرة؛ اشراف منصر احمد القضاة
264 31 - PRODUCTION, PUBLICATION, DISTRIBUTION, MANUFACTURE, AND COPYRIGHT NOTICE
Place of production, publication, distribution, manufacture 2019
300 ## - PHYSICAL DESCRIPTION
Extent 155 ورقة
336 ## - CONTENT TYPE
Content type term text
Content type code txt
Source rdacontent
337 ## - MEDIA TYPE
Media type term unmediated
Media type code n
Source rdamedia
338 ## - CARRIER TYPE
Carrier type term volume
Carrier type code nc
Source rdacarrier
500 ## - GENERAL NOTE
General note رساله جامعيه (ماجستير في القانون) - جامعة عجلون الوطنيه (عجلون ، الاردن) ، كلية القانون تخصص القانون، 2019
650 #4 - SUBJECT ADDED ENTRY--TOPICAL TERM
Topical term or geographic name entry element التامين الاجباري - قوانين وتشريعات
9 (RLIN) 58760
700 #1 - ADDED ENTRY--PERSONAL NAME
Personal name القضاة، منتصر احمد
9 (RLIN) 65269
Relator term مشرف
942 ## - ADDED ENTRY ELEMENTS (KOHA)
Source of classification or shelving scheme Library of Congress Classification
Koha item type Thesis
Holdings
Withdrawn status Lost status Source of classification or shelving scheme Damaged status Not for loan Home library Current library Shelving location Date acquired Total Checkouts Full call number Barcode Date last seen Price effective from Koha item type
    Library of Congress Classification     مكتبة جامعة عجلون الوطنية مكتبة جامعة عجلون الوطنية المراجع 06/06/2023   K1241 2019 A26405 06/06/2023 06/06/2023 Thesis
    Library of Congress Classification     مكتبة جامعة عجلون الوطنية مكتبة جامعة عجلون الوطنية   29/06/2024   K1241 2019 a26406 29/06/2024 29/06/2024 Thesis